000 01253cac a2200313 a 4500
003 CO-PeBPM
005 20251028121524.0
008 231129s1982||||ck ||||||||||||| ||spa||
020 _a968130635X
040 _aCO-PeBPM
_bspa
_cCO-PeBPM
_erda
041 _aspa
082 0 4 _a157.63 M911e
_222
100 1 _aMoses, Donald A.
_eautor
245 1 0 _a¿Esta induciendo a sus hijos a la drogadicción ?
_b: Cómo hacer frente al abuso del alcohol y las drogas de los adolescentes
_c/ Donald A. Moses y Robert E. Burger; traductor René Cárdenas Barrios
250 _aSegunda impresión
260 _aMéxico
_b: Diana
_c, 1982
300 _a267 páginas
_c21,5 centímetros
500 _aIncluye índice
500 _aSubtítulo tomado de la caratula del texto
650 1 4 _aAbuso de drogas - Aspectos psicológicos
_2LEMB
650 1 4 _aAlcoholismo - Aspectos psicológicos
_2LEMB
650 1 4 _aFamilia - Aspectos psicológicos
_2LEMB
650 1 4 _aJóvenes - Consumo de drogas
_2LEMB
650 1 4 _aPrevención sobre abuso de drogas
_2LEMB
700 1 _aBurger, Robert E.
_eautor
700 1 _aCárdenas Barrios, René
_etraductor
942 _2ddc
_cBK
999 _c13463
_d13463